<?xml version="1.0" encoding="UTF-8"?>
<record
    xmlns:xsi="http://www.w3.org/2001/XMLSchema-instance"
    xsi:schemaLocation="http://www.loc.gov/MARC21/slim http://www.loc.gov/standards/marcxml/schema/MARC21slim.xsd"
    xmlns="http://www.loc.gov/MARC21/slim">

  <leader>01844ncm0a2200445   4500</leader>
  <controlfield tag="001">RU\NLR\ONIZ\224986</controlfield>
  <controlfield tag="005">20250630160812.0</controlfield>
  <datafield tag="013" ind1=" " ind2=" ">
    <subfield code="a">979-0-9003280-0-8</subfield>
  </datafield>
  <datafield tag="021" ind1=" " ind2=" ">
    <subfield code="a">RU</subfield>
    <subfield code="b">18-487</subfield>
    <subfield code="9">18-&#x41D;&#x41E;-&#x41F;-37</subfield>
  </datafield>
  <datafield tag="035" ind1=" " ind2=" ">
    <subfield code="a">(NLR Aleph) 011945262</subfield>
  </datafield>
  <datafield tag="090" ind1=" " ind2=" ">
    <subfield code="a">11114649</subfield>
    <subfield code="c">11114649</subfield>
  </datafield>
  <datafield tag="100" ind1=" " ind2=" ">
    <subfield code="a">20190208d2018    |||y0rusy50      ca</subfield>
  </datafield>
  <datafield tag="101" ind1="0" ind2=" ">
    <subfield code="a">rus</subfield>
  </datafield>
  <datafield tag="102" ind1=" " ind2=" ">
    <subfield code="a">RU</subfield>
  </datafield>
  <datafield tag="125" ind1=" " ind2=" ">
    <subfield code="a">ax</subfield>
  </datafield>
  <datafield tag="135" ind1=" " ind2=" ">
    <subfield code="a">crmn mmmanaba</subfield>
  </datafield>
  <datafield tag="200" ind1="1" ind2=" ">
    <subfield code="a">&#x414;&#x435;&#x442;&#x441;&#x43A;&#x438;&#x435; &#x43F;&#x435;&#x441;&#x43D;&#x438; &#x410;&#x431;&#x43B;&#x44F;&#x437;&#x438;&#x437;&#x430; &#x412;&#x435;&#x43B;&#x438;&#x435;&#x432;&#x430;</subfield>
    <subfield code="b">&#x41D;&#x43E;&#x442;&#x44B;</subfield>
    <subfield code="d">&#x410;&#x431;&#x43B;&#x44F;&#x437;&#x438;&#x437; &#x412;&#x435;&#x43B;&#x438;&#x435;&#x432;&#x43D;&#x438;&#x43D;&#x44A; &#x431;&#x430;&#x43B;&#x430; &#x439;&#x44B;&#x440;&#x43B;&#x430;&#x440;&#x44B;</subfield>
    <subfield code="z">tat</subfield>
    <subfield code="f">&#x430;&#x432;&#x442;. &#x441;&#x43B;. &#x410;. &#x412;&#x435;&#x43B;&#x438;&#x435;&#x432;</subfield>
  </datafield>
  <datafield tag="210" ind1=" " ind2=" ">
    <subfield code="a">&#x421;&#x438;&#x43C;&#x444;&#x435;&#x440;&#x43E;&#x43F;&#x43E;&#x43B;&#x44C;</subfield>
    <subfield code="c">&#x418;&#x41F; "&#x425;&#x43E;&#x442;&#x435;&#x435;&#x432;&#x430; &#x41B;. &#x412;."</subfield>
    <subfield code="d">2018</subfield>
  </datafield>
  <datafield tag="215" ind1=" " ind2=" ">
    <subfield code="a">32 &#x441;.</subfield>
    <subfield code="d">29 &#x441;&#x43C;</subfield>
  </datafield>
  <datafield tag="300" ind1=" " ind2=" ">
    <subfield code="a">&#x41B;&#x438;&#x442;. &#x442;&#x435;&#x43A;&#x441;&#x442; &#x43A;&#x440;&#x44B;&#x43C;&#x441;&#x43A;&#x43E;&#x442;&#x430;&#x442;&#x430;&#x440;&#x441;&#x43A;&#x438;&#x439;</subfield>
  </datafield>
  <datafield tag="325" ind1=" " ind2=" ">
    <subfield code="a">&#x41A;&#x43E;&#x43F;&#x438;&#x44F; &#x434;&#x43E;&#x441;&#x442;&#x443;&#x43F;&#x43D;&#x430; &#x432; &#x42D;&#x43B;&#x435;&#x43A;&#x442;&#x440;&#x43E;&#x43D;. &#x431;-&#x43A;&#x435; &#x420;&#x41D;&#x411;</subfield>
  </datafield>
  <datafield tag="606" ind1="1" ind2=" ">
    <subfield code="a">&#x414;&#x435;&#x442;&#x441;&#x43A;&#x438;&#x435; &#x43F;&#x435;&#x441;&#x43D;&#x438; &#x43A;&#x440;&#x44B;&#x43C;&#x441;&#x43A;&#x43E;&#x442;&#x430;&#x442;&#x430;&#x440;&#x441;&#x43A;&#x438;&#x445; &#x43A;&#x43E;&#x43C;&#x43F;&#x43E;&#x437;&#x438;&#x442;&#x43E;&#x440;&#x43E;&#x432;</subfield>
    <subfield code="2">nlr_sh</subfield>
  </datafield>
  <datafield tag="686" ind1=" " ind2=" ">
    <subfield code="a">&#x429;984.0&#x44F;43(2&#x420;=&#x41A;&#x440;&#x44B;&#x43C;&#x442;&#x430;&#x442;)</subfield>
    <subfield code="v">LBC/SL</subfield>
    <subfield code="2">rubbk</subfield>
  </datafield>
  <datafield tag="700" ind1=" " ind2="1">
    <subfield code="9">z02790</subfield>
    <subfield code="a">&#x412;&#x435;&#x43B;&#x438;&#x435;&#x432;</subfield>
    <subfield code="b">&#x410;.</subfield>
    <subfield code="c">&#x430;&#x432;&#x442;. &#x441;&#x43B;&#x43E;&#x432;</subfield>
    <subfield code="f">1939-</subfield>
    <subfield code="g">&#x410;&#x431;&#x43B;&#x44F;&#x437;&#x438;&#x437;</subfield>
    <subfield code="4">520</subfield>
    <subfield code="7">ca</subfield>
  </datafield>
  <datafield tag="790" ind1=" " ind2="1">
    <subfield code="9">z02700</subfield>
    <subfield code="a">&#x412;&#x435;&#x43B;&#x438;&#x435;&#x432;&#x43D;&#x438;&#x43D;&#x44A;</subfield>
    <subfield code="b">&#x410;.</subfield>
    <subfield code="f">1939-</subfield>
    <subfield code="g">&#x410;&#x431;&#x43B;&#x44F;&#x437;&#x438;&#x437;</subfield>
    <subfield code="4">520</subfield>
    <subfield code="7">ca</subfield>
  </datafield>
  <datafield tag="801" ind1=" " ind2="0">
    <subfield code="a">RU</subfield>
    <subfield code="b">NLR</subfield>
    <subfield code="c">20190208</subfield>
    <subfield code="g">PSBO</subfield>
  </datafield>
  <datafield tag="801" ind1=" " ind2="1">
    <subfield code="a">RU</subfield>
    <subfield code="b">NLR</subfield>
    <subfield code="c">20190208</subfield>
    <subfield code="2">rusmarc</subfield>
  </datafield>
  <datafield tag="801" ind1=" " ind2="2">
    <subfield code="a">RU</subfield>
    <subfield code="b">NLR</subfield>
    <subfield code="c">20190630</subfield>
  </datafield>
  <datafield tag="852" ind1=" " ind2=" ">
    <subfield code="a">NLR</subfield>
    <subfield code="b">&#x41C;</subfield>
    <subfield code="j">&#x41A;-3/29829</subfield>
    <subfield code="p">&#x41C;&#x41E;&#x42D; 2018-&#x41D;&#x41E;-&#x41F;-37/487</subfield>
    <subfield code="t">1</subfield>
  </datafield>
  <datafield tag="856" ind1=" " ind2="0">
    <subfield code="u">https://vivaldi.nlr.ru/bn000011677/view</subfield>
  </datafield>
  <datafield tag="856" ind1=" " ind2="1">
    <subfield code="u">https://vivaldi.nlr.ru/bn000011677/cover</subfield>
  </datafield>
  <datafield tag="856" ind1=" " ind2="2">
    <subfield code="u">https://vivaldi.nlr.ru/bn000011677/text</subfield>
  </datafield>
  <datafield tag="942" ind1=" " ind2=" ">
    <subfield code="c">SCORE</subfield>
  </datafield>
  <datafield tag="980" ind1=" " ind2=" ">
    <subfield code="a">NB</subfield>
  </datafield>
  <datafield tag="980" ind1=" " ind2=" ">
    <subfield code="a">ONIZ</subfield>
  </datafield>
  <datafield tag="981" ind1="4" ind2="8">
    <subfield code="a">(48) &#x41A;&#x440;&#x44B;&#x43C;: &#x438;&#x441;&#x442;&#x43E;&#x440;&#x438;&#x44F; &#x432; &#x434;&#x43E;&#x43A;&#x443;&#x43C;&#x435;&#x43D;&#x442;&#x430;&#x445;</subfield>
  </datafield>
  <datafield tag="981" ind1="2" ind2="4">
    <subfield code="a">(24) &#x41D;&#x43E;&#x442;&#x43D;&#x44B;&#x435; &#x438;&#x437;&#x434;&#x430;&#x43D;&#x438;&#x44F; &#x438; &#x430;&#x443;&#x434;&#x438;&#x43E;&#x437;&#x430;&#x43F;&#x438;&#x441;&#x438;</subfield>
  </datafield>
  <datafield tag="995" ind1=" " ind2=" ">
    <subfield code="5">2019-02-08</subfield>
    <subfield code="b">NLR01</subfield>
    <subfield code="c">NLR01</subfield>
    <subfield code="e">ONIZ</subfield>
    <subfield code="k">&#x41A;-3/29829 &#x41A;-3/29829</subfield>
    <subfield code="o">0</subfield>
    <subfield code="r">SCORE</subfield>
    <subfield code="s">329829_329829</subfield>
  </datafield>
</record>
